| Registos Bibliográficos associados ao registo de autoridade |
|
Etiqueta de registo: 00000nkm 2200025 450 001 2262262 003 http://id.bnportugal.gov.pt/bib/catbnp/2262262 100 ## $a20260206d1990 m y0pory01030103ba 101 0# $apor 102 ## $aPT 200 1# $a3.º Encontro português de computação gráfica$bVisual gráfico]$fDep. de Matemática - F.C.T.U.C. 210 #9 $aCoimbra$cDep. de Matemática - F.C.T.U.C.,$d1990 215 ## $a1 cartaz$ccolor.$d65,9x47,1 cm 317 ## $aColeção Madeira Luís 675 ## $a766(=1:469)"198"(084.5)$vBN$zpor$31974866 710 02 $aEncontro Português de Computação Gráfica,$d3,$eCoimbra,$f1990$31993708 711 02 $aUniversidade de Coimbra.$bFaculdade de Ciências e Tecnologia.$bDepartamento de Matemática$325063 801 #0 $aPT$bBN$gRPC 966 ## $lBN$mICONOG$sCT. 19908 A.$x3 971 ## $cCaticonografia5$d20260206 995 ## $aPRR2026 $d20260206$iCaticonografia5
|
|
|